000 00762nam a2200289Ia 4500
001 117142
003 205835
005 20250828150529.0
008 090319e2003 ||||||||| 000 0 d
040 _aCO-BoESAP
_bspa
_cCO-BoESAP
082 _a324.2
245 0 _aPartidos, reforma política y referendo
_cFernando Giraldo
260 _c2003.
526 _a4969
526 _a19790
526 _a104436
526 _a5144
526 _a51868
526 _a1697
562 _e1
650 _aCOLOMBIA--POLÍTICA Y GOBIERNO
_93999
650 _aPARTIDOS POLÍTICOS--COLOMBIA
_92842
650 _aSISTEMAS POLÍTICOS
_9142045
650 0 _aSufragio
_94685
651 0 _aColombia
_xHistoria
_yFrente Nacional, 1958-1974
_9219053
942 _cBKM
_2ddc
999 _c117142
_d117142